MARC details
| 000 -CABECERA |
| campo de control de longitud fija |
01029nam a22002777a 4500 |
| 003 - IDENTIFICADOR DEL NÚMERO DE CONTROL |
| campo de control |
UPN |
| 005 - FECHA Y HORA DE LA ÚLTIMA TRANSACCIÓN |
| campo de control |
20221018091228.0 |
| 008 - ELEMENTOS DE LONGITUD FIJA--INFORMACIÓN GENERAL |
| campo de control de longitud fija |
220928s2018 mx ||||| |||| 00| 0 spa d |
| 020 ## - NÚMERO INTERNACIONAL NORMALIZADO PARA LIBROS |
| Número Internacional Estándar del Libro |
9786075242378 |
| 040 ## - FUENTE DE LA CATALOGACIÓN |
| Centro catalogador/agencia de origen |
MX-MxUPN |
| Lengua de catalogación |
spa |
| Centro/agencia transcriptor |
MX-MxUPN |
| 050 ## - SIGNATURA TOPOGRÁFICA DE LA BIBLIOTECA DEL CONGRESO |
| Número de clasificación |
HV5313 |
| Número de documento/Ítem |
Q56 2018 |
| 100 1# - ASIENTO PRINCIPAL--NOMBRE PERSONAL |
| Nombre de persona |
Quintero Soto, María Luisa |
| 9 (RLIN) |
37567 |
| 100 1# - ASIENTO PRINCIPAL--NOMBRE PERSONAL |
| Nombre de persona |
Velázquez Rodríguez, Elisa B. |
| Forma completa/desarrollada del nombre |
(Elisa Bertha) |
| 9 (RLIN) |
38383 |
| 100 1# - ASIENTO PRINCIPAL--NOMBRE PERSONAL |
| Nombre de persona |
Padilla Loredo, Silvia |
| 9 (RLIN) |
46839 |
| 245 ## - MENCIÓN DE TÍTULO |
| Título |
Adicciones y género en la sociedad moderna |
| 250 ## - MENCIÓN DE EDICIÓN |
| Mención de edición |
Primera edición |
| 260 ## - PUBLICACIÓN, DISTRIBUCIÓN, ETC. |
| Lugar de publicación, distribución, etc. |
Estado de México : |
| Nombre del editor, distribuidor, etc. |
Universidad Autónoma del Estado de México |
| 260 ## - PUBLICACIÓN, DISTRIBUCIÓN, ETC. |
| Lugar de publicación, distribución, etc. |
Ciudad de México : |
| Nombre del editor, distribuidor, etc. |
Miguel Ángel Porrúa, Librero-Editor, |
| Fecha de publicación, distribución, etc. |
©2018. |
| 300 ## - DESCRIPCIÓN FÍSICA |
| Extensión |
98 páginas |
| 490 ## - MENCIÓN DE SERIE |
| Mención de serie |
Estudios de género |
| 650 #0 - ASIENTO SECUNDARIO DE MATERIA - TERMINO TEMATICO |
| Término de materia o nombre geográfico como elemento de entrada |
Alcoholismo |
| Subdivisión general |
Factores sexuales |
| Subdivisión geográfica |
México |
| 9 (RLIN) |
46854 |
| 650 #0 - ASIENTO SECUNDARIO DE MATERIA - TERMINO TEMATICO |
| Término de materia o nombre geográfico como elemento de entrada |
Adicción a la nicotina |
| Subdivisión general |
Factores sexuales |
| Subdivisión geográfica |
México |
| 9 (RLIN) |
46856 |
| 650 #0 - ASIENTO SECUNDARIO DE MATERIA - TERMINO TEMATICO |
| Término de materia o nombre geográfico como elemento de entrada |
Abuso de la marihuana |
| Subdivisión general |
Factores sexuales |
| Subdivisión geográfica |
México |
| 9 (RLIN) |
46857 |
| 902 ## - ELEMENTOS DE DATOS B LOCAL, LDB (RLIN) |
| Creó |
NoemiAcosta/280922 |
| 942 ## - ELEMENTOS DE PUNTO DE ACCESO ADICIONAL (KOHA) |
| Fuente del sistema de clasificación o colocación |
Library of Congress Classification |
| Tipo de ítem Koha |
Libro |